| 000 | 00475nam a2200217Ia 4500 | ||
|---|---|---|---|
| 003 | 0100 | ||
| 008 | 130307s9999 xx 000 0 und d | ||
| 020 | _a0199271674 | ||
| 040 | _cARRUPELIB | ||
| 050 | _aBT103.S95 2004 | ||
| 100 | _aSwinburne, Richard | ||
| 245 | 4 | _aThe existence of God | |
| 250 | _a2nd ed. | ||
| 260 | _aOxford | ||
| 260 | _bClarendon Press | ||
| 260 | _c2004. | ||
| 300 | _avi | ||
| 300 | _b363 p. 23 cm | ||
| 650 | _aTHEOLOGY | ||
| 942 | 0 | 0 | _09 |
| 999 |
_c96789 _d96789 |
||